LEADER 01168nam a2200265 i 4500 001 000000039542 003 CaOOAMICUS 005 20091214000000.0 008 091214s1977 it u000 u ita u 013 $a10279 040 $aSeMil$bita 245 10$aCristiani per il socialismo :$bstoria, problematica e prospettiva /$ca cura di José Ramos-Regidor e Aldo Gecchelin. 260 $aMilano :$bArnoldo Mondadori Editore,$c1977. 300 $a436 p. ;$c20 cm. 490 0 $aDocumentinuovi ;$v29 500 $aContiene : Biografie degli autori. 650 4$aMarxismo e cristianesimo.$0(OLS)http://semarc/subject/6019 700 1 $aGecchelin, Aldo.$0(OLS)http://semarc/name/19198 700 1 $aRamos Regidor, José.$0(OLS)http://semarc/name/90447 830 0$aDocumentinuovi ;$v29.$0(OLS)http://semarc/title/402 850 $aSeMil 852 $aSeMil$W1$xVenegono$y1$m3E IV 188$j5697$B5697$CSeMilBibl$Z2$F5697 $81 961 $aOmaggio: Serenthà don Mario 996 $6245$aCristiani per il socialismo :$bstoria, problematica e prospettiva$9(OLS)http://semarc/title/56368 996 $6260$aMilano :$bArnoldo Mondadori Editore$9(OLS)http://semarc/publisher/30056 LEADER 01267nam a2200277 i 4500 001 000000110206 003 CaOOAMICUS 005 20021125000000.0 008 021125s1977 cg u000 u fre u 013 $a82887 040 $aSeMil$bita 245 13$aLa philosophie africaine :$bactes de la 1. Semaine Philosophique de Kinshasa. 260 $aKinshasa :$bFaculté de théologie catholique,$c1977. 300 $a175 p. ;$c24 cm. 490 0 $aRecherches philosophiques africaines ;$v1 500 $aFondo Card. C.M. Martini. 650 4$aFilosofia - Atti di congressi.$0(OLS)http://semarc/subject/57 650 4$aFilosofia africana.$0(OLS)http://semarc/subject/19138 700 1 $aSemaine Philosophique de Kinshasa <1. ; 1976 ; Kinshasa>.$0(OLS)http://semarc/name/46232 830 0$aRecherches philosophiques africaines ;$v1.$0(OLS)http://semarc/title/10570 850 $aSeMil 852 $aSeMil$W1$xVenegono$y1$m2P IV 104$j66115$B66115$CSeMilBibl$Z2$F104855 $81 941 1 $a4 961 $aOmaggio: Martini Card. Carlo Maria 996 $6245$aLa philosophie africaine :$bactes de la 1. Semaine Philosophique de Kinshasa$9(OLS)http://semarc/title/160163 996 $6260$aKinshasa :$bFaculté de théologie catholique$9(OLS)http://semarc/publisher/32156